000 00713nam a22002297a 4500
001 00028754
005 20260413101545.0
008 260413b ag ||||| |||| 00| 0 spa d
020 _a9789870416630
040 _aAR-CcCEOS
_bspa
_cAR-CcCEOS
041 _aspa
080 _a53/54
090 _bFIS v.7
245 _aLa enciclopedia del estudiante :
_bFísica y Química /
_cLaura Pérgola
250 _a1ª ed.
264 _aBuenos Aires :
_bAguilar,
_c2011.
300 _av. 7, 320 p. ;
_c28x20 cm.
490 _vLa enciclopedia del estudiante : 7
655 0 _aenciclopedias
_vmaterial auxiliar para la enseñanza
_91047
942 _2udc
_cBK
_n0
999 _c28789
_d28789